Quick Pick: Agatha Christie or Conan Doyle? Quiz Stats

 Plays Quiz Updated Oct 24, 2016

Score 0/7 Timer 01:00
0 Plays Today
% Correct
The Body in the Library
83.6%
The Murder of Roger Ackroyd
81%
And Then There Were None
79.4%
The Mysterious Affair at Styles
77.9%
The Mystery of the Blue Train
74.9%
The Man in the Brown Suit
68.3%
The Adventure of the Christmas Pudding
65.8%

Today's Daily Dose

You're not logged in!

Compare scores with friends on all Sporcle quizzes.
OR
Log In

Sporcle TV

Today on Sporcle TV


Watch our educational content, quiz creation guides, and fun videos on Sporcle TV.

Show Comments

Extras

Top Quizzes Today


Score Distribution

Paid Content

Your Account Isn't Verified!

In order to create a playlist on Sporcle, you need to verify the email address you used during registration. Go to your Sporcle Settings to finish the process.

Report this User

Report this user for behavior that violates our Community Guidelines.

Details: